| 000 | 00536nam a22001817a 4500 | ||
|---|---|---|---|
| 005 | 20240110141945.0 | ||
| 008 | 240110b |||||||| |||| 00| 0 eng d | ||
| 020 | _a9780409049374 | ||
| 041 | _aEnglish | ||
| 082 | _a346.7 KER | ||
| 100 |
_aGlover, G _lEnglish |
||
| 245 |
_aKerr's Law of Sale and Lease / _cG Glover |
||
| 250 | _aFourth Edition | ||
| 260 |
_aDurban : _bLexisNexis (Pty) Ltd, _c2014 |
||
| 300 |
_bxxvi, 674 pages ; _c25 cm. |
||
| 650 |
_aLegal practice _bLaw |
||
| 942 |
_cBK _6ALISON_BN_VRIES |
||
| 999 |
_c1220 _d1220 |
||